Gewohnliche differentialgleichungen mit zufalligen parametern

Guardat en:
Dades bibliogràfiques
Autor principal: Bunke, Helga (Autor)
Format: Llibre
Idioma:alemany
Publicat: Berlín Akademie 1972
Col·lecció:Mathematische Monographien, 31
Matèries:
Etiquetes: Afegir etiqueta
Sense etiquetes, Sigues el primer a etiquetar aquest registre!

MARC

LEADER 00000cam a2200000 a 4500
001 UCF4718
003 CL-VaPUC
008 121220e19720000GW |||||||||||||||||ger|d
082 0 4 |a 519.2  |b BUN  |2 21 
100 0 |a Bunke, Helga  |e author  |9 566262 
245 1 0 |a Gewohnliche differentialgleichungen mit zufalligen parametern 
300 |a 207 p 
942 |c BK 
945 |d 20121220 00:00:00  |a dcastane 
260 |a Berlín  |b Akademie  |c 1972 
650 7 |a ECUACIONES DIFERENCIALES ESTOCASTICAS  |2 CL-VaPUC  |9 269935 
650 0 |a Procesos estocásticos   |9 260364 
650 0 |a Teoría de probabilidades   |9 336944 
583 |a last modification  |c 20121220 10:25:00  |k Rodrigo Vera 
490 0 |a Mathematische Monographien, 31 
999 |c 350423  |d 350421 
952 |0 0  |1 0  |4 0  |6 519_200000000000000_BUN_1972  |7 0  |8 A  |9 453740  |a BIBGIM  |b BIBGIM  |d 2019-11-22  |i 4918320  |o 519.2 BUN 1972  |p 4918320  |r 2025-01-15  |w 2019-11-22  |y BK  |k EST